000 00234nam a22000857a 4500
999 _c11565
_d11565
008 190618b ||||| |||| 00| 0 eng d
100 _aGupta, Shards
_97273
245 _a Home Science Class-9
260 _aNew Delhi
_b New Sarraswasti
_c2018